Fatigue of engineering plastics / (Record no. 11867)
[ view plain ]
| 000 -LEADER | |
|---|---|
| fixed length control field | 00898pam a2200241 i 4500 |
| 001 - CONTROL NUMBER | |
| control field | 3225835 |
| 005 - DATE AND TIME OF LATEST TRANSACTION | |
| control field | 19810119000000.0 |
| 008 - FIXED-LENGTH DATA ELEMENTS--GENERAL INFORMATION | |
| fixed length control field | 800306s1980 nyua b 001 0 eng |
| 010 ## - LIBRARY OF CONGRESS CONTROL NUMBER | |
| LC control number | 79006786 |
| 020 ## - INTERNATIONAL STANDARD BOOK NUMBER | |
| International Standard Book Number | 0123435501 : |
| Terms of availability | $26.50 |
| 040 ## - CATALOGING SOURCE | |
| Original cataloging agency | DLC |
| Transcribing agency | DLC |
| Modifying agency | DLC |
| 050 00 - LIBRARY OF CONGRESS CALL NUMBER | |
| Classification number | TA455.P5 |
| Item number | H45 |
| 082 00 - DEWEY DECIMAL CLASSIFICATION NUMBER | |
| Classification number | 620.19233 |
| Edition number | 22 |
| Item number | HER |
| 100 1# - MAIN ENTRY--PERSONAL NAME | |
| Personal name | Hertzberg, Richard W., |
| Dates associated with a name | 1937- |
| 9 (RLIN) | 6313 |
| 245 10 - TITLE STATEMENT | |
| Title | Fatigue of engineering plastics / |
| Statement of responsibility, etc | Richard W. Hertzberg, John A. Manson. |
| 260 ## - PUBLICATION, DISTRIBUTION, ETC. (IMPRINT) | |
| Place of publication, distribution, etc | New York : |
| Name of publisher, distributor, etc | Academic Press, |
| Date of publication, distribution, etc | 1980. |
| 300 ## - PHYSICAL DESCRIPTION | |
| Extent | xv, 295 p. : |
| Other physical details | ill. ; |
| Dimensions | 24 cm. |
| 504 ## - BIBLIOGRAPHY, ETC. NOTE | |
| Bibliography, etc | Includes bibliographical references and indexes. |
| 650 #0 - SUBJECT ADDED ENTRY--TOPICAL TERM | |
| Topical term or geographic name as entry element | Plastics |
| General subdivision | Fatigue. |
| 9 (RLIN) | 6314 |
| 700 1# - ADDED ENTRY--PERSONAL NAME | |
| Personal name | Manson, John A., |
| Dates associated with a name | 1928- |
| Relator term | joint author. |
| 9 (RLIN) | 6315 |
| 942 ## - ADDED ENTRY ELEMENTS (KOHA) | |
| Source of classification or shelving scheme | Dewey Decimal Classification |
| Item type | Book - Borrowing |
| Withdrawn status | Item status | Source of classification or shelving scheme | Damaged status | Not for loan | Vendor | Home library | Current library | Shelving location | Date acquired | Source of acquisition | Cost, normal purchase price | Total Checkouts | Total Renewals | Full call number | Barcode | Date last seen | Date last borrowed | Koha item type |
|---|---|---|---|---|---|---|---|---|---|---|---|---|---|---|---|---|---|---|
| Dewey Decimal Classification | Alef-Baa | Central Library | Central Library | First floor | 17/06/2009 | 150.00 | 1 | 20 | 620.19233 HER | 000016835 | 15/07/2025 | 24/09/2018 | Book - Borrowing |